000 01686nam a22003377a 4500
003 OSt
005 20180327172328.0
008 170817s2018 ua g b 000 0 ara d
020 _a9789776567542
040 _aMa-Un
_bara
_cDar Arab
082 0 4 _221
_a342.066
_bج ن ع
100 1 _aالجباري، نسار عبد القادر أحمد
_960824
245 1 0 _aعيب عدم الاختصاص الجسيم في القرار الإداري والرقابة القضائية عليه :
_bدراسة تحليلية مقارنة /
_cنسار عبد القادر أحمد الجباري.
250 _aط. 1.
260 _aالقاهرة :
_bالمركز العربي للدراسات والبحوث العلمية،
_c2018.
300 _a322 ص. ؛
_c24 سم.
504 _aيشتمل علي إرجاعات ببليوجرافية.
504 _aببليوجرافية : ص. 283-307.
650 4 _aالقانون الإداري
_zالعراق
_960825
650 4 _aالقانون الإداري
_zمصر
_960826
650 4 _aالقانون الإداري
_zفرنسا
_921906
650 4 _aالرقابة القضائية
_zالعراق
_959196
650 4 _aالرقابة القضائية
_zمصر
_922070
650 4 _aالرقابة القضائية
_zفرنسا
_959197
650 4 _aالقرارات الإدارية
_xقوانين وتشريعات
_zالعراق
_954048
650 4 _aالقرارات الإدارية
_xقوانين وتشريعات
_zمصر
_960827
650 4 _aالقرارات الإدارية
_xقوانين وتشريعات
_zفرنسا
_960828
942 _cBOOK
949 _aALGU
_d15/05/2009
_iDA8707-8
_n1
_usystem.
949 _aARUC
_n1
_d2011/9/11
_utraining
999 _c41384
_d311004